| 000 | 00577nam a2200193Ia 4500 | ||
|---|---|---|---|
| 001 | 38548 | ||
| 008 | 140428s ii a g b000 u 903 u | ||
| 020 | _a978-81-203-0519-9 | ||
| 082 | _a910 | ||
| 100 |
_a.Hartshorn, _eTruman A. |
||
| 245 | 0 |
_aEconomic Geography _cTruman A.Hartshorn,John W.Alexander _hTextual Documents |
|
| 260 |
_aNew Delhi: _bPHI Learning Pvt Ltd. |
||
| 300 |
_a385p: _c24cm. |
||
| 500 | _aThis book is not available,it is already damage | ||
| 653 | _aEconomic Geography | ||
| 653 | _aG-Geography | ||
| 700 |
_aAlexander, _eJohn W., |
||
| 942 |
_2ddc _cBK |
||
| 999 |
_c38520 _d38520 |
||